EG Finance (supplement) (Record no. 80479)
[ view plain ]
| 000 -LEADER | |
|---|---|
| fixed length control field | 01181cab a2200289 a 4500 |
| 001 - CONTROL NUMBER | |
| control field | L144473 |
| 008 - FIXED-LENGTH DATA ELEMENTS--GENERAL INFORMATION | |
| fixed length control field | 080722e20071201xxkdo f s 000 0 eng u |
| 035 ## - SYSTEM CONTROL NUMBER | |
| System control number | (Sirsi) u144473 |
| 041 0# - LANGUAGE CODE | |
| Language code of text/sound track or separate title | eng |
| 110 1# - MAIN ENTRY--CORPORATE NAME | |
| Corporate name or jurisdiction name as entry element | Estates Gazette |
| 9 (RLIN) | 298 |
| 245 00 - TITLE STATEMENT | |
| Title | EG Finance (supplement) |
| 260 ## - PUBLICATION, DISTRIBUTION, ETC. | |
| Date of publication, distribution, etc. | 2007 |
| 490 ## - SERIES STATEMENT | |
| Series statement | Estates Gazette Finance |
| Volume/sequential designation | 1 December 2007 (supplement) |
| 520 ## - SUMMARY, ETC. | |
| Summary, etc. | Discusses the likely impact of the credit crunch on the commercial property sector and on debt-backed investors. Reports on the lack of funding to commercial property schemes as a result of the credit crunch. Reports on the fall off in acquisitions due to declining capital values. Explains how German open-ended funds have been benefiting from the credit squeeze and how the property derivatives market might also benefit. |
| 590 ## - LOCAL NOTE (RLIN) | |
| Local note | KA |
| 650 24 - SUBJECT ADDED ENTRY--TOPICAL TERM | |
| Topical term or geographic name entry element | CREDIT CRUNCH |
| 651 #4 - SUBJECT ADDED ENTRY--GEOGRAPHIC NAME | |
| Geographic name | United Kingdom |
| Chronological subdivision | |
| 690 ## - LOCAL SUBJECT ADDED ENTRY--TOPICAL TERM (OCLC, RLIN) | |
| Topical term or geographic name as entry element | PROPERTY-COMMERCIAL PROPERTY-COMMERCIAL PROPERTY MARKET |
| 700 1# - ADDED ENTRY--PERSONAL NAME | |
| Personal name | Bouke, Chris |
| 700 1# - ADDED ENTRY--PERSONAL NAME | |
| Personal name | Potts, Andy |
| 700 1# - ADDED ENTRY--PERSONAL NAME | |
| Personal name | Wallace, James |
| 700 1# - ADDED ENTRY--PERSONAL NAME | |
| Personal name | Moore, Charlotte |
| 700 1# - ADDED ENTRY--PERSONAL NAME | |
| Personal name | Northedge, Richard |
| 700 1# - ADDED ENTRY--PERSONAL NAME | |
| Personal name | Norman, Paul |
| 700 1# - ADDED ENTRY--PERSONAL NAME | |
| Personal name | Cate, Bert Erik ten |
| 942 ## - ADDED ENTRY ELEMENTS (KOHA) | |
| Suppress in OPAC | 0 |
| Withdrawn status | Lost status | Source of classification or shelving scheme | Damaged status | Not for loan | Home library | Current library | Shelving location | Date acquired | Total Checkouts | Full call number | Barcode | Date last seen | Date last checked out | Copy number | Price effective from | Koha item type |
|---|---|---|---|---|---|---|---|---|---|---|---|---|---|---|---|---|
| Dewey Decimal Classification | London | London | Journal article | 22/07/2008 | 2 | L144473 | 30076120 | 06/08/2019 | 03/11/2008 | 1 | 06/08/2019 | Journal article |